Fashion, disability and co-design : (Record no. 30918)
[ view plain ]
| 000 -LEADER | |
|---|---|
| fixed length control field | 01815cam a2200325 i 4500 |
| 001 - CONTROL NUMBER | |
| control field | 23134799 |
| 003 - CONTROL NUMBER IDENTIFIER | |
| control field | EG-ScBUE |
| 005 - DATE AND TIME OF LATEST TRANSACTION | |
| control field | 20250224094204.0 |
| 008 - FIXED-LENGTH DATA ELEMENTS--GENERAL INFORMATION | |
| fixed length control field | 230518s2024 enka f b 001 0 eng d |
| 020 ## - INTERNATIONAL STANDARD BOOK NUMBER | |
| International Standard Book Number | 9781350299542 |
| 040 ## - CATALOGING SOURCE | |
| Original cataloging agency | DLC |
| Language of cataloging | eng |
| Description conventions | rda |
| Transcribing agency | DLC |
| Modifying agency | DLC |
| -- | EG-ScBUE |
| 082 04 - DEWEY DECIMAL CLASSIFICATION NUMBER | |
| Classification number | 746.92087 |
| Edition number | 22 |
| Item number | JUN |
| 100 1# - MAIN ENTRY--PERSONAL NAME | |
| Personal name | Jun, Grace, |
| Relator term | author. |
| 245 10 - TITLE STATEMENT | |
| Title | Fashion, disability and co-design : |
| Remainder of title | a human-centered design approach / |
| Statement of responsibility, etc | Grace Jun. |
| 264 #1 - PUBLICATION, DISTRIBUTION, ETC. (IMPRINT) | |
| Place of publication, distribution, etc | London ; |
| -- | New York : |
| Name of publisher, distributor, etc | Bloomsbury Visual Arts, |
| Date of publication, distribution, etc | 2024. |
| 300 ## - PHYSICAL DESCRIPTION | |
| Extent | xiii, 218 pages : |
| Other physical details | chiefly illustrations (some color) ; |
| Dimensions | 27 cm |
| 336 ## - CONTENT TYPE | |
| Content type term | text |
| Content type code | txt |
| Source | rdacontent |
| 337 ## - MEDIA TYPE | |
| Media type term | unmediated |
| Media type code | n |
| Source | rdamedia |
| 338 ## - CARRIER TYPE | |
| Carrier type term | volume |
| Carrier type code | nc |
| Source | rdacarrier |
| 504 ## - BIBLIOGRAPHY, ETC. NOTE | |
| Bibliography, etc | Includes bibliographical references and index. |
| 505 0# - FORMATTED CONTENTS NOTE | |
| Formatted contents note | Theories, models, and methodologies behind adaptive fashion -- Adaptive fashion design approaches & techniques -- Adaptive design case studies and interviews. |
| 520 ## - SUMMARY, ETC. | |
| Summary, etc | "Fashion, Disability and Co-design shows how collaborative, inclusive design techniques can produce garments and accessories that increase social inclusion for people with disabilities. Grace Jun outlines practical techniques to help designers create their own inclusive collections, with detailed examples from interviews with professionals. 14 illustrated case studies show how engagement with disability communities to co-design adaptive clothing and accessories can lead to functional, wearable solutions for people of all abilities without compromising style"-- |
| Assigning source | Provided by publisher. |
| 650 #7 - SUBJECT ADDED ENTRY--TOPICAL TERM | |
| Topical term or geographic name as entry element | People with disabilities |
| General subdivision | Clothing. |
| Source of heading or term | BUEsh |
| 650 #7 - SUBJECT ADDED ENTRY--TOPICAL TERM | |
| Topical term or geographic name as entry element | Fashion design. |
| Source of heading or term | BUEsh |
| 653 ## - INDEX TERM--UNCONTROLLED | |
| Arrived date list | February2025 |
| Resource For college | Arts and Design |
| 655 ## - INDEX TERM--GENRE/FORM | |
| Form subdivision | Reading book |
| 906 ## - LOCAL DATA ELEMENT F, LDF (RLIN) | |
| a | 7 |
| b | cbc |
| c | orignew |
| d | 1 |
| e | ecip |
| f | 20 |
| g | y-gencatlg |
| 942 ## - ADDED ENTRY ELEMENTS (KOHA) | |
| Source of classification or shelving scheme | Dewey Decimal Classification |
| Koha item type | Book - Borrowing |
| Withdrawn status | Lost status | Source of classification or shelving scheme | Damaged status | Not for loan | Collection code | Home library | Current library | Shelving location | Date acquired | Source of acquisition | Cost, normal purchase price | Serial Enumeration / chronology | Total Checkouts | Full call number | Barcode | Date last seen | Cost, replacement price | Price effective from | Koha item type |
|---|---|---|---|---|---|---|---|---|---|---|---|---|---|---|---|---|---|---|---|
| Dewey Decimal Classification | Alahram | Central Library | Central Library | Second Floor | 24/02/2025 | Purchase | 1599.00 | 153 | 746.92087 JUN | 000057281 | 15/07/2025 | 1999.00 | 24/02/2025 | Book - Borrowing |